01020nam a2200241 a 450000100060000000300090000600800410001502000150005604000280007108200090009910000350010824500210014326000230016430000090018750500780019665000420027465000390031694200120035599900170036795201440038495201250052895201250065322983CO-ViMGA141112s2004 ck r 000 u spa d a9879334728 aCO-ViMGAbspacCO-ViMGA04aFALb1 aFalconi, Marìa Inès94837910aBichos de cuento aColombia : bNorma a63p. aPura pulga, Que gusano?, La laguna del "no me gusta", La hormiga agustina14aCUENTOS INFANTILES ARGENTINOS 91631314aPULGAS - CUENTOS INFANTILES924712 2ddccBK c31270d31270 00102ddc40708008aMEVIECARbMEVIECARd2015-12-04hVolumen. 1 | 15/nov/2009l0oFALb p22983r2015-12-04 00:00:00tEj. 1w2015-12-04yBK 00102ddc40708INFaMEMACAREbMEMACAREcSInfd2024-12-26l0oFALbpLM001873r2024-12-26 15:05:18tEj.1w2024-12-26yBK 00102ddc40708INFaMEACACIAbMEACACIAcSInfd2025-06-20l0oFAL3pACA13911r2025-06-20 15:15:48tEj.1w2025-06-20yBK